Vista normal
Vista MARC
Entrada Materia (personas)
Número de registros utilizados en: 2
001 - CONTROL NUMBER
- control field: 69663
003 - CONTROL NUMBER IDENTIFIER
- control field: Co-BoUCM
005 - DATE AND TIME OF LATEST TRANSACTION
- control field: 20150617070042.0
008 - FIXED-LENGTH DATA ELEMENTS
- fixed length control field: 150617|| aca||aabn | a|a d
040 ## - CATALOGING SOURCE
- Original cataloging agency: Co-BoUCM
- Transcribing agency: Co-BoUCM
100 ## - HEADING--PERSONAL NAME
- Personal name: Elías, Norbert
- Chronological subdivision: 1897-1990
- General subdivision: Crítica e interpretación, etc.
670 ## - SOURCE DATA FOUND
- Source citation: Work cat.: (Co-BoUCM)26776: Corcuff, Philippe 52237, Las nuevas Sociologías , 1998